| 000 | 00678nam a22001937a 4500 | ||
|---|---|---|---|
| 005 | 20100816153852.0 | ||
| 010 | _aENG-100587 | ||
| 020 | _c90.00 | ||
| 035 | _aEN-84120 | ||
| 037 | _bDBAD/PUB | ||
| 082 | _a920 | ||
| 100 |
_aBose, Shanti Shekhar _914113 |
||
| 245 |
_aPresident Obama on which path you intend to travel _cby Shanti Shekhar Bose |
||
| 260 |
_aWest Bengal _b Shanti Shekhar Bose _c2009 |
||
| 270 |
_aGovernment Housing Estate Block -A Flat No 6 P O Sodepur _bWest Bengal |
||
| 300 |
_axii,56p _c21cm(Hb) |
||
| 942 |
_2ddc _cEN _h920 _mBOS |
||
| 999 |
_c42205 _d42205 |
||